Premier League Manager of the Month - 2018-2019 - Statistics

Statistiche generali
  • Questo quiz è stato fatto 4 volte
  • Il punteggio medio è 6 su 9
Statistiche sulle risposte
Mese Nazione Squadra Allenatore % Corretto
Febbraio Spagna Manchester City Josep Guardiola
100%
Aprile Spagna Manchester City Josep Guardiola
100%
Dicembre Germania Liverpool Jürgen Klopp
100%
Marzo Germania Liverpool ürgen Klopp
100%
Settembre Portogallo Wolverhampton Nuno Espírito Santo
75%
Gennaio Norvegia Manchester Utd Ole Gunnar Solskjær
50%
Ottobre Inghilterra Bournemouth Eddie Howe
25%
Agosto Spagna Watford Javi Gracia
25%
Novembre Spagna Newcastle Utd Rafael Benítez
25%
Nessun quiz corrispondente trovato
Distribuzione punteggi
Percentuale di utenti per punteggio
Percentile per numero di risposta
I tuoi punteggi nel tempo
Non hai fatto questo quiz